[Event "Deutsche Ländermeisterschaft 2014"]
[Site "Hannover GER"]
[Date "2014.10.05"]
[Round "5"]
[White "Trifan, Andrei Ioan"]
[Black "Bruns, Kai-Christian"]
[Result "1/2-1/2"]
[Termination "normal"]
[Board "2.6"]
[WhiteElo "1689"]
[BlackElo "1878"]
[WhiteClock "00:23:41"]
[BlackClock "00:19:18"]
[WhiteTeam "Baden 1"]
[BlackTeam "Niedersachsen 1"]
[PlyCount "67"]
[WhiteFideId "12967068"]
[BlackFideId "12938025"]
[EventCountry "GER"]
[EventRounds "7"]
[EventType "team-swiss"]
[EventDate "2014.10.02"]

1. e4 {[%clk 1:30:30]} c5 {[%clk 1:30:30]} 2. Nf3 {[%clk 1:30:30]} Nc6 {[%clk
1:30:30]} 3. d4 {[%clk 1:30:30]} cxd4 {[%clk 1:30:30]} 4. Nxd4 {[%clk 1:30:30]}
Nf6 {[%clk 1:30:30]} 5. Nc3 {[%clk 1:30:46]} e6 {[%clk 1:30:54]} 6. Ndb5 {[%clk
1:30:47]} Bc5 {[%clk 1:31:14]} 7. Nd6+ {[%clk 1:31:00]} Ke7 {[%clk 1:31:31]} 8.
Bf4 {[%clk 1:31:07]} e5 {[%clk 1:31:54]} 9. Nf5+ {[%clk 1:31:25]} Kf8 {[%clk
1:32:19]} 10. Bg5 {[%clk 1:31:25]} d6 {[%clk 1:28:36]} 11. Bc4 {[%clk 1:24:15]}
Nd4 {[%clk 1:14:38]} 12. Nxd4 {[%clk 1:17:17]} exd4 {[%clk 1:10:40]} 13. Nd5
{[%clk 1:16:12]} Qe8 {[%clk 1:08:22]} 14. Nxf6 {[%clk 1:15:48]} gxf6 {[%clk
1:08:00]} 15. Bh6+ {[%clk 1:15:57]} Ke7 {[%clk 1:06:46]} 16. Qd3 {[%clk
1:12:23]} Be6 {[%clk 1:04:26]} 17. Bb3 {[%clk 1:11:06]} Rg8 {[%clk 1:03:08]}
18. g3 {[%clk 1:10:18]} Kd8 {[%clk 0:59:26]} 19. O-O-O {[%clk 1:03:45]} Rc8
{[%clk 0:53:33]} 20. Kb1 {[%clk 1:01:02]} Kc7 {[%clk 0:52:22]} 21. Bd2 {[%clk
0:58:18]} Kb8 {[%clk 0:51:14]} 22. Bd5 {[%clk 0:53:59]} Qd7 {[%clk 0:40:17]}
23. Qb3 {[%clk 0:51:16]} Rge8 {[%clk 0:34:57]} 24. Rhe1 {[%clk 0:46:06]} Qc7
{[%clk 0:27:47]} 25. f4 {[%clk 0:41:37]} Bb6 {[%clk 0:26:38]} 26. c3 {[%clk
0:39:57]} f5 {[%clk 0:24:29]} 27. Bxe6 {[%clk 0:36:51]} fxe6 {[%clk 0:24:26]}
28. exf5 {[%clk 0:35:12]} exf5 {[%clk 0:24:51]} 29. Qd5 {[%clk 0:32:38]} dxc3
{[%clk 0:19:14]} 30. Bxc3 {[%clk 0:31:55]} Rxe1 {[%clk 0:19:35]} 31. Rxe1
{[%clk 0:32:21]} Qc5 {[%clk 0:19:21]} 32. Qxc5 {[%clk 0:23:02]} Bxc5 {[%clk
0:19:15]} 33. Re7 {[%clk 0:23:19]} Rc7 {[%clk 0:19:18]} 34. Re8+ {[%clk
0:23:41]} 1/2-1/2

[Event "Deutsche Ländermeisterschaft 2014"]
[Site "Hannover GER"]
[Date "2014.10.05"]
[Round "5"]
[White "ter Stal, Sven"]
[Black "Mangei, Jasmin"]
[Result "0-1"]
[Termination "normal"]
[Board "2.7"]
[WhiteElo "1801"]
[BlackElo "1796"]
[WhiteClock "00:43:28"]
[BlackClock "00:16:31"]
[WhiteTeam "Niedersachsen 1"]
[BlackTeam "Baden 1"]
[PlyCount "73"]
[WhiteFideId "12946443"]
[BlackFideId "12951803"]
[EventCountry "GER"]
[EventRounds "7"]
[EventType "team-swiss"]
[EventDate "2014.10.02"]

1. e4 {[%clk 1:30:57]} e5 {[%clk 1:30:56]} 2. Nf3 {[%clk 1:31:25]} Nc6 {[%clk
1:31:10]} 3. Bc4 {[%clk 1:31:44]} Bc5 {[%clk 1:31:34]} 4. c3 {[%clk 1:32:07]}
Nf6 {[%clk 1:31:54]} 5. d3 {[%clk 1:32:30]} a6 {[%clk 1:31:36]} 6. Nbd2 {[%clk
1:32:32]} Ba7 {[%clk 1:31:26]} 7. O-O {[%clk 1:32:29]} O-O {[%clk 1:31:35]} 8.
h3 {[%clk 1:32:48]} d6 {[%clk 1:31:26]} 9. Bb3 {[%clk 1:33:02]} h6 {[%clk
1:31:06]} 10. Re1 {[%clk 1:33:10]} Be6 {[%clk 1:31:03]} 11. Bc2 {[%clk
1:33:30]} Re8 {[%clk 1:28:58]} 12. Nf1 {[%clk 1:33:11]} d5 {[%clk 1:26:54]} 13.
Qe2 {[%clk 1:31:25]} dxe4 {[%clk 1:26:24]} 14. dxe4 {[%clk 1:31:44]} Qe7 {[%clk
1:24:26]} 15. Ng3 {[%clk 1:31:19]} Rad8 {[%clk 1:21:39]} 16. Nh2 {[%clk
1:29:34]} Rd7 {[%clk 1:12:28]} 17. Ng4 {[%clk 1:28:32]} Nxg4 {[%clk 1:04:03]}
18. hxg4 {[%clk 1:28:48]} Qf6 {[%clk 0:56:37]} 19. Nf5 {[%clk 1:26:03]} Red8
{[%clk 0:51:25]} 20. g3 {[%clk 1:24:13]} b5 {[%clk 0:44:34]} 21. Kg2 {[%clk
1:22:47]} Bc4 {[%clk 0:43:07]} 22. Qf3 {[%clk 1:22:55]} Qe6 {[%clk 0:37:15]}
23. g5 {[%clk 1:17:27]} hxg5 {[%clk 0:35:58]} 24. Bxg5 {[%clk 1:16:29]} f6
{[%clk 0:35:10]} 25. Bc1 {[%clk 1:15:13]} Ne7 {[%clk 0:31:21]} 26. Ne3 {[%clk
1:14:20]} Bxa2 {[%clk 0:28:59]} 27. Qh5 {[%clk 1:04:47]} Qf7 {[%clk 0:21:56]}
28. Qxf7+ {[%clk 1:03:28]} Bxf7 {[%clk 0:22:25]} 29. Rxa6 {[%clk 1:03:35]} Bb6
{[%clk 0:22:39]} 30. Re2 {[%clk 1:00:28]} Be6 {[%clk 0:22:20]} 31. Nf1 {[%clk
0:56:57]} Bc4 {[%clk 0:21:16]} 32. Re1 {[%clk 0:56:03]} b4 {[%clk 0:18:12]} 33.
Ra4 {[%clk 0:48:29]} b3 {[%clk 0:16:37]} 34. Rxc4 bxc2 35. Kf3 {[%clk 0:46:09]}
Rd1 {[%clk 0:16:31]} 36. Ke2 {[%clk 0:43:59]} Rxe1+ 37. Kxe1 {[%clk 0:43:28]}
0-1

[Event "Deutsche Ländermeisterschaft 2014"]
[Site "Hannover GER"]
[Date "2014.10.05"]
[Round "5"]
[White "Mütsch, Annmarie"]
[Black "Mönster, Madita"]
[Result "1/2-1/2"]
[Termination "normal"]
[Board "2.8"]
[WhiteElo "1658"]
[BlackElo "1599"]
[WhiteClock "01:03:27"]
[BlackClock "00:21:26"]
[WhiteTeam "Baden 1"]
[BlackTeam "Niedersachsen 1"]
[PlyCount "123"]
[WhiteFideId "12971367"]
[BlackFideId "12947156"]
[EventCountry "GER"]
[EventRounds "7"]
[EventType "team-swiss"]
[EventDate "2014.10.02"]

1. e4 {[%clk 1:30:58]} e6 {[%clk 1:30:51]} 2. d4 {[%clk 1:31:23]} d5 {[%clk
1:31:16]} 3. Nd2 {[%clk 1:31:42]} c5 {[%clk 1:31:08]} 4. c3 {[%clk 1:31:55]}
Nc6 {[%clk 1:31:17]} 5. Ngf3 {[%clk 1:32:09]} Bd7 {[%clk 1:31:07]} 6. Bd3
{[%clk 1:32:18]} Qb6 {[%clk 1:30:13]} 7. Qb3 {[%clk 1:30:18]} Qxb3 {[%clk
1:29:35]} 8. axb3 {[%clk 1:30:38]} cxd4 {[%clk 1:28:02]} 9. Nxd4 {[%clk
1:29:48]} Nf6 {[%clk 1:25:51]} 10. Nb5 {[%clk 1:29:09]} Rc8 {[%clk 1:24:46]}
11. c4 {[%clk 1:28:08]} a6 {[%clk 1:22:18]} 12. Nc3 {[%clk 1:26:27]} Ne5 {[%clk
1:17:55]} 13. Be2 {[%clk 1:25:56]} dxe4 {[%clk 1:16:15]} 14. Ndxe4 {[%clk
1:25:33]} Nxe4 {[%clk 1:15:43]} 15. Nxe4 {[%clk 1:25:54]} Bc6 {[%clk 1:15:22]}
16. f3 {[%clk 1:24:59]} Be7 {[%clk 1:13:15]} 17. Bf4 {[%clk 1:22:55]} Bxe4
{[%clk 1:09:52]} 18. Bxe5 {[%clk 1:21:03]} Bc2 {[%clk 1:08:19]} 19. Bd1 {[%clk
1:20:55]} Bd3 {[%clk 1:06:09]} 20. Be2 {[%clk 1:20:05]} Rd8 {[%clk 1:03:57]}
21. Bxd3 {[%clk 1:17:56]} Rxd3 {[%clk 1:04:13]} 22. Bc3 {[%clk 1:17:20]} Bc5
{[%clk 0:55:12]} 23. Ke2 {[%clk 1:12:53]} Rd8 {[%clk 0:51:52]} 24. Rad1 {[%clk
1:12:17]} Ke7 {[%clk 0:48:03]} 25. Rxd8 {[%clk 1:07:14]} Rxd8 {[%clk 0:47:26]}
26. Rd1 {[%clk 1:07:02]} f6 {[%clk 0:46:37]} 27. Rxd8 {[%clk 1:06:27]} Kxd8
{[%clk 0:46:59]} 28. Kd3 {[%clk 1:06:31]} Kd7 {[%clk 0:45:17]} 29. b4 {[%clk
1:06:18]} Bd6 {[%clk 0:44:52]} 30. h3 {[%clk 1:06:22]} b6 {[%clk 0:44:07]} 31.
b5 {[%clk 1:05:38]} axb5 {[%clk 0:43:17]} 32. cxb5 {[%clk 1:05:54]} e5 {[%clk
0:42:28]} 33. Kc4 {[%clk 1:05:38]} Ke6 {[%clk 0:41:41]} 34. Bd2 {[%clk
1:05:21]} f5 {[%clk 0:39:40]} 35. Be3 {[%clk 1:04:03]} Bc7 {[%clk 0:39:52]} 36.
b3 {[%clk 1:00:48]} Bd8 {[%clk 0:37:46]} 37. Bd2 {[%clk 1:00:03]} h5 {[%clk
0:35:54]} 38. Be3 {[%clk 0:59:15]} g5 {[%clk 0:34:26]} 39. g4 {[%clk 0:59:19]}
hxg4 {[%clk 0:32:34]} 40. hxg4 {[%clk 0:59:24]} f4 {[%clk 0:30:48]} 41. Bd2
{[%clk 0:58:43]} Bc7 {[%clk 0:27:46]} 42. Bb4 {[%clk 0:56:25]} Bd8 {[%clk
0:25:50]} 43. Bc3 {[%clk 0:55:53]} Be7 {[%clk 0:25:03]} 44. Be1 {[%clk
0:55:09]} Bc5 {[%clk 0:24:42]} 45. Bd2 {[%clk 0:54:31]} Bd4 {[%clk 0:17:13]}
46. Bb4 {[%clk 0:54:00]} Be3 {[%clk 0:16:54]} 47. Bf8 {[%clk 0:52:36]} e4
{[%clk 0:14:50]} 48. fxe4 {[%clk 0:51:29]} f3 {[%clk 0:15:07]} 49. Kd3 {[%clk
0:51:24]} f2 {[%clk 0:15:22]} 50. Ke2 {[%clk 0:50:51]} Ke5 {[%clk 0:15:25]} 51.
Be7 {[%clk 0:47:22]} Kxe4 {[%clk 0:14:23]} 52. Bd6 {[%clk 0:47:08]} Bf4 {[%clk
0:10:01]} 53. Bb4 {[%clk 0:45:38]} f1=Q+ {[%clk 0:27:49]} 54. Kxf1 {[%clk
1:15:46]} Kf3 {[%clk 0:27:48]} 55. Be7 {[%clk 1:14:37]} Kxg4 {[%clk 0:27:14]}
56. Kf2 {[%clk 1:14:21]} Bg3+ {[%clk 0:26:28]} 57. Kg2 {[%clk 1:14:08]} Bc7
{[%clk 0:26:09]} 58. Bb4 {[%clk 1:12:06]} Kf5 {[%clk 0:26:02]} 59. Bd2 {[%clk
1:11:10]} g4 {[%clk 0:25:29]} 60. Be1 {[%clk 1:08:25]} Ke4 {[%clk 0:24:46]} 61.
Bf2 {[%clk 1:03:27]} Kf5 {[%clk 0:21:26]} 62. Be3 1/2-1/2

[Event "Deutsche Ländermeisterschaft 2014"]
[Site "Hannover GER"]
[Date "2014.10.05"]
[Round "5"]
[White "Krause, Benedict"]
[Black "Carow, Johannes"]
[Result "0-1"]
[Termination "normal"]
[Board "3.1"]
[BlackTitle "FM"]
[WhiteElo "2339"]
[BlackElo "2380"]
[WhiteClock "00:00:49"]
[BlackClock "00:03:20"]
[WhiteTeam "Schleswig-Holstein"]
[BlackTeam "Rheinland-Pfalz"]
[PlyCount "76"]
[WhiteFideId "12917990"]
[BlackFideId "24692050"]
[EventCountry "GER"]
[EventRounds "7"]
[EventType "team-swiss"]
[EventDate "2014.10.02"]

1. e4 {[%clk 1:30:58]} c5 {[%clk 1:30:43]} 2. Nf3 {[%clk 1:31:23]} e6 {[%clk
1:31:00]} 3. d4 {[%clk 1:31:48]} cxd4 {[%clk 1:31:07]} 4. Nxd4 {[%clk 1:32:10]}
a6 {[%clk 1:31:31]} 5. Nc3 {[%clk 1:32:34]} Qc7 {[%clk 1:31:15]} 6. Bd3 {[%clk
1:32:58]} Nf6 {[%clk 1:30:55]} 7. O-O {[%clk 1:33:15]} Bc5 {[%clk 1:31:00]} 8.
Nb3 {[%clk 1:33:38]} Be7 {[%clk 1:30:28]} 9. f4 {[%clk 1:33:46]} d6 {[%clk
1:30:49]} 10. e5 {[%clk 1:34:11]} Nfd7 {[%clk 1:30:07]} 11. exd6 {[%clk
1:32:26]} Bxd6 {[%clk 1:28:48]} 12. Ne4 {[%clk 1:32:37]} Be7 {[%clk 1:29:03]}
13. Qf3 {[%clk 1:32:34]} Nc6 {[%clk 1:27:16]} 14. Bd2 {[%clk 1:29:42]} O-O
{[%clk 1:15:51]} 15. Rae1 {[%clk 1:21:56]} Nb4 {[%clk 1:09:12]} 16. Bxb4 {[%clk
1:01:59]} Bxb4 {[%clk 1:08:17]} 17. Ng5 {[%clk 1:00:55]} h6 {[%clk 0:58:20]}
18. Nh7 {[%clk 0:37:43]} Rd8 {[%clk 0:54:24]} 19. f5 {[%clk 0:36:04]} Ne5
{[%clk 0:33:53]} 20. Qg3 {[%clk 0:30:04]} Bxe1 {[%clk 0:31:17]} 21. Rxe1 {[%clk
0:28:21]} Qb6+ {[%clk 0:28:09]} 22. Kf1 {[%clk 0:24:14]} Nxd3 {[%clk 0:25:33]}
23. Nf6+ {[%clk 0:24:37]} Kh8 {[%clk 0:24:44]} 24. cxd3 {[%clk 0:21:53]} Qb5
{[%clk 0:21:25]} 25. Re3 {[%clk 0:15:52]} gxf6 {[%clk 0:20:20]} 26. Rf3 {[%clk
0:16:10]} Qe5 {[%clk 0:17:47]} 27. Qh4 {[%clk 0:15:41]} Kg7 {[%clk 0:17:06]}
28. d4 {[%clk 0:15:29]} Qb5+ {[%clk 0:16:08]} 29. Kg1 {[%clk 0:11:27]} Qb4
{[%clk 0:10:23]} 30. h3 {[%clk 0:10:45]} Qd6 {[%clk 0:05:45]} 31. Rg3+ {[%clk
0:06:23]} Kf8 {[%clk 0:05:42]} 32. Rf3 {[%clk 0:02:30]} exf5 {[%clk 0:03:15]}
33. Qxh6+ {[%clk 0:01:51]} Ke7 {[%clk 0:02:50]} 34. Nc5 {[%clk 0:01:37]} Qxd4+
{[%clk 0:02:38]} 35. Re3+ {[%clk 0:02:04]} Be6 {[%clk 0:02:37]} 36. Nxe6 {[%clk
0:00:42]} fxe6 {[%clk 0:02:52]} 37. Qg7+ {[%clk 0:00:33]} Kd6 {[%clk 0:03:04]}
38. Kf2 {[%clk 0:00:49]} f4 {[%clk 0:03:20]} 0-1

[Event "Deutsche Ländermeisterschaft 2014"]
[Site "Hannover GER"]
[Date "2014.10.05"]
[Round "5"]
[White "Yankelevich, Lev"]
[Black "Krause, Jonah"]
[Result "1-0"]
[Termination "normal"]
[Board "3.2"]
[WhiteElo "2362"]
[BlackElo "2148"]
[WhiteClock "00:56:28"]
[BlackClock "00:47:05"]
[WhiteTeam "Rheinland-Pfalz"]
[BlackTeam "Schleswig-Holstein"]
[PlyCount "53"]
[WhiteFideId "24684074"]
[BlackFideId "12907910"]
[EventCountry "GER"]
[EventRounds "7"]
[EventType "team-swiss"]
[EventDate "2014.10.02"]

1. d4 {[%clk 1:29:29]} Nf6 {[%clk 1:30:52]} 2. Nf3 {[%clk 1:26:23]} g6 {[%clk
1:31:15]} 3. c4 {[%clk 1:25:48]} Bg7 {[%clk 1:31:39]} 4. Nc3 {[%clk 1:26:16]}
O-O {[%clk 1:31:59]} 5. e4 {[%clk 1:26:44]} d6 {[%clk 1:32:20]} 6. Be2 {[%clk
1:27:09]} e5 {[%clk 1:32:30]} 7. O-O {[%clk 1:27:31]} Nc6 {[%clk 1:32:56]} 8.
d5 {[%clk 1:28:00]} Ne7 {[%clk 1:33:19]} 9. b3 {[%clk 1:28:24]} Ne8 {[%clk
1:28:27]} 10. Qd3 {[%clk 1:27:56]} a5 {[%clk 1:26:01]} 11. Be3 {[%clk 1:17:19]}
b6 {[%clk 1:19:37]} 12. a3 {[%clk 1:14:19]} f5 {[%clk 1:16:41]} 13. Ng5 {[%clk
1:12:59]} h6 {[%clk 1:12:31]} 14. Ne6 {[%clk 1:12:50]} Bxe6 {[%clk 1:13:00]}
15. dxe6 {[%clk 1:13:19]} Rf6 {[%clk 1:02:45]} 16. Nd5 {[%clk 1:11:42]} Rxe6
{[%clk 1:02:39]} 17. Nxe7+ {[%clk 1:10:45]} Qxe7 {[%clk 1:02:31]} 18. exf5
{[%clk 1:10:58]} gxf5 {[%clk 1:02:14]} 19. Qxf5 {[%clk 1:10:20]} Rd8 {[%clk
1:02:18]} 20. Rad1 {[%clk 1:10:01]} Nf6 {[%clk 0:56:13]} 21. Qh3 {[%clk
1:04:29]} Nh7 {[%clk 0:55:07]} 22. Bf3 {[%clk 1:03:44]} Rf6 {[%clk 0:53:21]}
23. Bd5+ {[%clk 1:02:52]} Kh8 {[%clk 0:50:20]} 24. Be4 Qe6 25. Qh4 {[%clk
0:58:41]} Rff8 {[%clk 0:48:47]} 26. Bc2 {[%clk 0:56:28]} Kg8 {[%clk 0:47:05]}
27. Bc1 1-0

[Event "Deutsche Ländermeisterschaft 2014"]
[Site "Hannover GER"]
[Date "2014.10.05"]
[Round "5"]
[White "Kololli, Kevin"]
[Black "Perske, Thore"]
[Result "1-0"]
[Termination "normal"]
[Board "3.3"]
[WhiteElo "2161"]
[BlackElo "2275"]
[WhiteClock "00:19:45"]
[BlackClock "00:00:33"]
[WhiteTeam "Schleswig-Holstein"]
[BlackTeam "Rheinland-Pfalz"]
[PlyCount "77"]
[WhiteFideId "12936863"]
[BlackFideId "12902195"]
[EventCountry "GER"]
[EventRounds "7"]
[EventType "team-swiss"]
[EventDate "2014.10.02"]

1. e4 {[%clk 1:30:57]} e6 {[%clk 1:30:41]} 2. d4 {[%clk 1:31:17]} d5 {[%clk
1:31:04]} 3. Nd2 {[%clk 1:31:40]} Nc6 {[%clk 1:30:04]} 4. Ngf3 {[%clk 1:31:58]}
Nf6 {[%clk 1:30:27]} 5. e5 {[%clk 1:32:21]} Nd7 {[%clk 1:30:50]} 6. Be2 {[%clk
1:32:35]} f6 {[%clk 1:30:18]} 7. exf6 {[%clk 1:32:57]} Qxf6 {[%clk 1:30:31]} 8.
Nf1 {[%clk 1:33:17]} Bd6 {[%clk 1:30:17]} 9. Ne3 {[%clk 1:33:29]} O-O {[%clk
1:27:54]} 10. O-O {[%clk 1:33:40]} Qg6 {[%clk 1:22:56]} 11. g3 {[%clk 1:30:36]}
Nf6 {[%clk 1:17:28]} 12. Nh4 {[%clk 1:29:00]} Qe8 {[%clk 1:14:33]} 13. f4
{[%clk 1:28:59]} Ne7 {[%clk 1:09:30]} 14. c3 {[%clk 1:23:25]} c5 {[%clk
1:03:27]} 15. Nf3 {[%clk 1:19:53]} b6 {[%clk 0:59:30]} 16. a4 {[%clk 1:06:20]}
a6 {[%clk 0:48:44]} 17. Bd2 {[%clk 1:04:51]} Ne4 {[%clk 0:46:42]} 18. Ng4
{[%clk 1:04:05]} Nf5 {[%clk 0:46:03]} 19. Kg2 {[%clk 1:01:56]} Bb7 {[%clk
0:42:54]} 20. Nge5 {[%clk 0:54:45]} Qe7 {[%clk 0:37:29]} 21. g4 {[%clk
0:47:19]} Nh4+ {[%clk 0:31:44]} 22. Nxh4 {[%clk 0:47:08]} Qxh4 {[%clk 0:32:05]}
23. Be3 {[%clk 0:47:19]} g5 {[%clk 0:17:47]} 24. Qb3 {[%clk 0:39:34]} gxf4
{[%clk 0:15:48]} 25. Bxf4 {[%clk 0:30:54]} Bxe5 {[%clk 0:15:35]} 26. dxe5
{[%clk 0:31:01]} Qd8 {[%clk 0:03:46]} 27. Bh6 {[%clk 0:31:00]} Rxf1 {[%clk
0:04:12]} 28. Rxf1 {[%clk 0:31:21]} Qc7 {[%clk 0:04:28]} 29. Bf3 {[%clk
0:23:06]} c4 {[%clk 0:04:32]} 30. Qc2 {[%clk 0:21:13]} Qxe5 {[%clk 0:04:42]}
31. Kg1 {[%clk 0:21:09]} Qf6 {[%clk 0:04:22]} 32. Qc1 {[%clk 0:21:19]} Qg6
{[%clk 0:04:13]} 33. Bxe4 {[%clk 0:20:23]} Qxe4 {[%clk 0:03:24]} 34. Qg5+
{[%clk 0:20:42]} Qg6 {[%clk 0:03:48]} 35. Qf4 {[%clk 0:20:57]} Kh8 {[%clk
0:02:47]} 36. Qe5+ {[%clk 0:19:54]} Kg8 {[%clk 0:03:15]} 37. g5 {[%clk
0:19:28]} d4 {[%clk 0:01:29]} 38. h4 {[%clk 0:19:25]} dxc3 {[%clk 0:00:33]} 39.
h5 {[%clk 0:19:45]} 1-0

[Event "Deutsche Ländermeisterschaft 2014"]
[Site "Hannover GER"]
[Date "2014.10.05"]
[Round "5"]
[White "Muckle, Julius"]
[Black "Kololli, Martin"]
[Result "1/2-1/2"]
[Termination "normal"]
[Board "3.4"]
[WhiteElo "1995"]
[BlackElo "2200"]
[WhiteClock "00:08:58"]
[BlackClock "00:05:49"]
[WhiteTeam "Rheinland-Pfalz"]
[BlackTeam "Schleswig-Holstein"]
[PlyCount "150"]
[WhiteFideId "12942430"]
[BlackFideId "12936910"]
[EventCountry "GER"]
[EventRounds "7"]
[EventType "team-swiss"]
[EventDate "2014.10.02"]

1. d4 {[%clk 1:30:56]} Nf6 {[%clk 1:30:55]} 2. c4 {[%clk 1:31:19]} e6 {[%clk
1:31:18]} 3. Nc3 {[%clk 1:31:17]} Bb4 {[%clk 1:31:37]} 4. Nf3 {[%clk 1:31:33]}
b6 {[%clk 1:28:31]} 5. e3 {[%clk 1:31:49]} Bb7 {[%clk 1:28:31]} 6. Bd3 {[%clk
1:32:04]} O-O {[%clk 1:25:45]} 7. O-O {[%clk 1:32:24]} d6 {[%clk 1:25:00]} 8.
Bd2 {[%clk 1:32:03]} Nbd7 {[%clk 1:25:04]} 9. a3 {[%clk 1:25:24]} Bxc3 {[%clk
1:25:18]} 10. Bxc3 {[%clk 1:25:49]} Ne4 {[%clk 1:24:52]} 11. Nd2 {[%clk
1:25:13]} f5 {[%clk 1:20:51]} 12. Bxe4 {[%clk 1:20:22]} fxe4 {[%clk 1:17:23]}
13. Qg4 {[%clk 1:19:33]} Rf6 {[%clk 1:16:39]} 14. Nxe4 {[%clk 1:17:09]} Rg6
{[%clk 1:16:59]} 15. Qf4 {[%clk 1:17:31]} Nf6 {[%clk 1:16:31]} 16. Nxf6+ {[%clk
1:17:05]} Rxf6 {[%clk 1:16:57]} 17. Qh4 {[%clk 1:03:09]} Bxg2 {[%clk 1:16:17]}
18. Kxg2 {[%clk 1:03:15]} Rg6+ {[%clk 1:16:24]} 19. Qg3 {[%clk 1:03:38]} Rxg3+
{[%clk 1:16:13]} 20. hxg3 {[%clk 1:03:59]} Qd7 {[%clk 1:12:39]} 21. d5 {[%clk
1:02:11]} Qa4 {[%clk 1:12:36]} 22. Rad1 {[%clk 1:00:58]} Qxc4 {[%clk 1:05:39]}
23. Rd4 {[%clk 1:00:46]} Qb5 {[%clk 1:05:55]} 24. dxe6 {[%clk 1:00:46]} Qf5
{[%clk 1:06:06]} 25. e7 {[%clk 0:59:49]} Re8 {[%clk 1:03:51]} 26. Rh1 {[%clk
0:59:06]} Rxe7 {[%clk 1:03:45]} 27. Rhh4 {[%clk 0:58:48]} d5 {[%clk 0:53:41]}
28. Rdf4 {[%clk 0:47:57]} Qd7 {[%clk 0:46:47]} 29. Rhg4 {[%clk 0:47:29]} c5
{[%clk 0:42:48]} 30. Rg5 {[%clk 0:41:35]} g6 {[%clk 0:41:50]} 31. Bf6 {[%clk
0:28:07]} Re4 {[%clk 0:37:40]} 32. Rxe4 {[%clk 0:25:56]} dxe4 {[%clk 0:38:05]}
33. Bc3 {[%clk 0:26:08]} Kf7 {[%clk 0:37:24]} 34. Re5 {[%clk 0:24:25]} Qd3
{[%clk 0:34:03]} 35. Kg1 {[%clk 0:22:05]} h6 {[%clk 0:28:35]} 36. Kg2 {[%clk
0:21:41]} Qc4 {[%clk 0:26:06]} 37. Kg1 {[%clk 0:20:59]} a5 {[%clk 0:18:29]} 38.
Kg2 {[%clk 0:20:57]} a4 {[%clk 0:16:43]} 39. Kg1 {[%clk 0:20:45]} Qd3 {[%clk
0:10:54]} 40. Kg2 {[%clk 0:20:35]} Qb1 {[%clk 0:09:42]} 41. Rd5 {[%clk
0:19:50]} Ke7 {[%clk 0:04:32]} 42. Re5+ {[%clk 0:16:33]} Kd7 {[%clk 0:16:33]}
43. Rd5+ {[%clk 0:47:05]} Kc7 {[%clk 0:15:46]} 44. Be5+ {[%clk 0:46:10]} Kb7
{[%clk 0:16:00]} 45. Rd6 {[%clk 0:46:09]} b5 {[%clk 0:12:39]} 46. Rd7+ {[%clk
0:43:37]} Ka8 {[%clk 0:08:36]} 47. Rd8+ {[%clk 0:43:53]} Kb7 {[%clk 0:09:02]}
48. Rd7+ {[%clk 0:44:10]} Kc8 {[%clk 0:09:29]} 49. Rc7+ {[%clk 0:44:22]} Kd8
{[%clk 0:09:56]} 50. Rxc5 {[%clk 0:44:37]} Qd1 {[%clk 0:09:40]} 51. Rxb5 {[%clk
0:44:33]} Qf3+ {[%clk 0:09:26]} 52. Kg1 {[%clk 0:44:23]} g5 {[%clk 0:09:40]}
53. Bd4 {[%clk 0:44:00]} Kd7 {[%clk 0:08:54]} 54. Rb6 {[%clk 0:43:57]} h5
{[%clk 0:08:30]} 55. Rh6 {[%clk 0:41:14]} h4 {[%clk 0:08:17]} 56. gxh4 {[%clk
0:40:30]} Qg4+ {[%clk 0:08:44]} 57. Kh2 {[%clk 0:39:26]} gxh4 {[%clk 0:08:55]}
58. Rh7+ {[%clk 0:31:12]} Ke6 {[%clk 0:07:53]} 59. Rh6+ {[%clk 0:30:00]} Kd5
{[%clk 0:07:58]} 60. Bf6 {[%clk 0:14:51]} Qe2 {[%clk 0:07:26]} 61. Kg1 {[%clk
0:13:48]} Qg4+ {[%clk 0:07:35]} 62. Kh2 {[%clk 0:14:06]} Kc4 {[%clk 0:06:06]}
63. Rxh4 {[%clk 0:13:22]} Qg6 {[%clk 0:06:29]} 64. Rf4 {[%clk 0:11:54]} Kd3
{[%clk 0:06:50]} 65. Bd4 {[%clk 0:11:02]} Ke2 {[%clk 0:06:55]} 66. Kh3 {[%clk
0:10:00]} Qg5 {[%clk 0:06:56]} 67. Rg4 {[%clk 0:07:38]} Qf5 {[%clk 0:07:20]}
68. Kh4 {[%clk 0:07:56]} Qxf2+ {[%clk 0:07:10]} 69. Kg5 {[%clk 0:08:17]} Kd3
{[%clk 0:07:27]} 70. Kg6 {[%clk 0:08:01]} Kc4 {[%clk 0:07:40]} 71. Rg5 {[%clk
0:08:27]} Qf8 {[%clk 0:07:06]} 72. Rf5 {[%clk 0:08:32]} Qd6+ {[%clk 0:07:05]}
73. Kg5 {[%clk 0:08:34]} Qd8+ {[%clk 0:06:18]} 74. Kg6 {[%clk 0:08:47]} Qg8+
{[%clk 0:06:22]} 75. Kf6 {[%clk 0:08:58]} Qf8+ {[%clk 0:05:49]} 1/2-1/2